002580000a220008500045001000019000002450060000193000045000797000022001247730026001461 aPoe, José T.10aLa Epítola de Primera de Pedro con vocablos numerados aNum. 20 (Octubre, 1982), Páginas 45-551 aCarroll, Betty C.0 tDiálogo teológico